| 000 | 00694nam a22002173a 4500 | ||
|---|---|---|---|
| 005 | 20220812063426.0 | ||
| 008 | 010923s1997 es r 000 0 spa d | ||
| 020 |
_a8481960772 (v.2) _z8486368642 (Obra completa) |
||
| 035 | _aUPN01000111892 | ||
| 049 | _aCG | ||
| 050 | 4 |
_aRC467 _bE9.4 |
|
| 245 | 0 | 0 |
_aEvaluación de psicología clinica / _cAlejandro Avila Espada ... [et al.]. |
| 260 |
_aSalamanca, Esp. : _bAmarú, _c1997. |
||
| 300 | _av. | ||
| 440 | 0 |
_aPsicología ; _v14 |
|
| 500 | _aLa biblioteca tiene el v.2 | ||
| 505 | 2 |
_aContenido: _gv.2. _tEstrategias cualitativas |
|
| 650 | 4 |
_aPsicología clínica _913467 |
|
| 700 | 1 |
_aAvila Espada, Alejandro, _ecoaut. _931708 |
|
| 905 | _aLibro | ||
| 999 |
_c85800 _d85800 |
||